Statistics for Top 10 Least Democratic Asian Countries

Click here to take the quiz!

General Stats

  • This quiz has been taken 245 times
    (128 since last reset)
  • The average score is 7 of 10

Answer Stats

ScoreCountryGrowth% Correct
1.08North Korea
89%
2.27China0.01
84%
1.43Syria
82%
2.08Saudi Arabia0.15
80%
2.20Iran- 0.18
79%
1.95Yemen
75%
1.77Laos- 0.37
64%
1.72Turkmenistan
62%
1.94Tajikistan0.01
50%
2.12Uzbekistan0.11
45%

Score Distribution

Percentile by Number Answered

Percent of People with Each Score

Your Score History

You have not taken this quiz since the last reset